[Event "Mondiale Lampo FIDE 2022"]
[Site "Alma Ata"]
[Date "29.12.2022"]
[Round "12.64"]
[White "Maze, Sebastien"]
[Black "Adly, Ahmed"]
[Result "0-1"]
[WhiteTitle ""]
[BlackTitle ""]
[WhiteElo "2538"]
[BlackElo "2596"]
[WhiteFideId "613762"]
[BlackFideId "10601619"]
[EventDate "29.12.2022"]

1. e4 c5 2. Nf3 Nf6 3. d3 d5 4. Nbd2 Nc6 5. g3 Bg4 6. Bg2 e6 7. O-O Be7 8. Re1
O-O 9. c3 Rc8 10. Qe2 Qc7 11. h3 Bh5 12. e5 Nd7 13. g4 Bg6 14. Nf1 Rce8 15. h4
h5 16. g5 Qb6 17. Ng3 Qa6 18. Bf1 Kh7 19. Bf4 Rh8 20. Qd2 Qa5 21. a3 Qa4 22. Be2
b5 23. b4 Qa6 24. d4 c4 25. Nh2 Kg8 26. Qd1 Qa4 27. Qd2 Qc2 28. Qxc2 Bxc2 29.
Nhf1 g6 30. Ne3 Bb3 31. Bd1 a5 32. Rb1 Bxd1 33. Rexd1 Ra8 34. Ra1 Kg7 35. Nc2
Nb6 36. Rdb1 Ra6 37. Bd2 Rha8 38. Ne2 Na4 39. f4 Bd8 40. Kf2 Ne7 41. Ng1 Nf5 42.
Nf3 Kf8 43. Be1 Ke8 44. Ke2 Kd7 45. Kf2 Be7 46. Ne3 Nxe3 47. Kxe3 Nb6 0-1

[Event "Mondiale Lampo FIDE 2022"]
[Site "Alma Ata"]
[Date "29.12.2022"]
[Round "12.65"]
[White "Najer, Evgeniy"]
[Black "Cheng, Bobby"]
[Result "0-1"]
[WhiteTitle ""]
[BlackTitle ""]
[WhiteElo "2662"]
[BlackElo "2583"]
[WhiteFideId "4118987"]
[BlackFideId "4300033"]
[EventDate "29.12.2022"]

1. e4 e6 2. d4 d5 3. Nc3 Nf6 4. e5 Nfd7 5. f4 c5 6. Nf3 Nc6 7. Be3 cxd4 8. Nxd4
Qb6 9. a3 Bc5 10. Na4 Qa5+ 11. b4 Qxa4 12. bxc5 Nxc5 13. Nb5 Ne4 14. Nc7+ Kd8
15. Nxa8 Qa5+ 16. c3 Qxc3+ 17. Ke2 d4 18. Bg1 b6 19. Qa4 Qxa1 20. Qxc6 Ba6+ 21.
Kf3 Qxf1+ 22. Kg4 Qxg2+ 23. Kh4 g5+ 0-1

[Event "Mondiale Lampo FIDE 2022"]
[Site "Alma Ata"]
[Date "29.12.2022"]
[Round "12.66"]
[White "Uskov, Artem"]
[Black "Yilmaz, Mustafa"]
[Result "1/2-1/2"]
[WhiteTitle ""]
[BlackTitle ""]
[WhiteElo "2376"]
[BlackElo "2617"]
[WhiteFideId "34254854"]
[BlackFideId "6302718"]
[EventDate "29.12.2022"]

1. e4 c5 2. Nf3 d6 3. d4 cxd4 4. Nxd4 Nf6 5. Nc3 a6 6. Bg5 Nbd7 7. Bc4 Qb6 8.
Bb3 e6 9. Be3 Nc5 10. f3 Qc7 11. Qd2 b5 12. a3 Be7 13. g4 Nxb3 14. cxb3 Bb7 15.
Rc1 Qd8 16. h4 d5 17. g5 Nh5 18. e5 b4 19. axb4 Bxb4 20. Kf2 O-O 21. f4 Kh8 22.
Qe2 g6 23. Na4 a5 24. Qb5 Ba6 25. Qb6 Bd3 26. Nc6 Qe8 27. Nxb4 axb4 28. Rc7 Rxa4
29. bxa4 Qxa4 30. Qc5 Kg7 31. Rc1 Qb3 32. Qd4 Bc4 33. Qd2 Ra8 34. Rb7 Ra4 35.
Kg2 d4 36. Rxf7+ Kxf7 37. Qxd4 Bd5+ 38. Kf2 Ra8 39. Rc7+ Kg8 40. f5 gxf5 41. Qc5
Qd1 42. Rc8+ Rxc8 43. Qxc8+ Kg7 44. Qd7+ Kg6 45. Qe8+ Kg7 46. Qe7+ Kg8 47. Qe8+
Kg7 1/2-1/2

[Event "Mondiale Lampo FIDE 2022"]
[Site "Alma Ata"]
[Date "29.12.2022"]
[Round "12.67"]
[White "Petkov, Momchil"]
[Black "Chigaev, Maksim"]
[Result "0-1"]
[WhiteTitle ""]
[BlackTitle ""]
[WhiteElo "2531"]
[BlackElo "2632"]
[WhiteFideId "2921642"]
[BlackFideId "4108116"]
[EventDate "29.12.2022"]

1. d4 Nf6 2. Nf3 g6 3. c4 Bg7 4. Nc3 O-O 5. e4 d6 6. h3 e5 7. d5 Nh5 8. g3 Na6
9. Be3 f5 10. exf5 gxf5 11. Ng5 Nf6 12. Qd2 h6 13. Ne6 Bxe6 14. dxe6 Qe7 15.
Bxh6 Qxe6 16. Bxg7 Kxg7 17. O-O-O Nc5 18. Kb1 Nfe4 19. Nxe4 Nxe4 20. Qe3 Nc5 21.
f3 a5 22. h4 Qg6 23. Ka1 a4 24. h5 Qf6 25. h6+ Kh8 26. Bd3 a3 27. Qc1 e4 28. Bc2
Ra6 29. Kb1 Rb6 30. b3 Na4 31. Qxa3 Nc3+ 32. Kc1 Ra6 0-1

[Event "Mondiale Lampo FIDE 2022"]
[Site "Alma Ata"]
[Date "29.12.2022"]
[Round "12.68"]
[White "Aleksandrov, Aleksej"]
[Black "Bologan, Victor"]
[Result "1/2-1/2"]
[WhiteTitle ""]
[BlackTitle ""]
[WhiteElo "2495"]
[BlackElo "2574"]
[WhiteFideId "13500139"]
[BlackFideId "13900048"]
[EventDate "29.12.2022"]

1. Nf3 c5 2. e3 g6 3. d4 Bg7 4. Be2 Nf6 5. dxc5 Qa5+ 6. Nbd2 Qxc5 7. a3 Qc7 8.
c4 O-O 9. O-O d6 10. Nd4 a6 11. b4 b6 12. Bb2 Bb7 13. Rc1 Nbd7 14. N4b3 Rac8 15.
Bf3 Qb8 16. Bxb7 Qxb7 17. Qf3 Qb8 18. Rc2 d5 19. Rfc1 Ne5 20. Qe2 dxc4 21. Nxc4
Rxc4 22. Rxc4 Nxc4 23. Rxc4 Rd8 24. Rd4 Nd7 25. Rd1 Bxb2 26. Qxb2 Ne5 27. Rxd8+
Qxd8 28. Qd4 Qc7 29. h3 h5 30. a4 Nc6 31. Qc4 Qd6 32. b5 axb5 33. axb5 Ne5 34.
Qd4 Qxd4 35. Nxd4 Kf8 36. f4 Nc4 37. Kf2 Ke8 38. Ke2 Kd7 39. Kd3 Nd6 40. e4 Nb7
41. e5 Nc5+ 1/2-1/2

[Event "Mondiale Lampo FIDE 2022"]
[Site "Alma Ata"]
[Date "29.12.2022"]
[Round "12.69"]
[White "Burmakin, Vladimir"]
[Black "Kostenko, Petr"]
[Result "0-1"]
[WhiteTitle ""]
[BlackTitle ""]
[WhiteElo "2498"]
[BlackElo "2374"]
[WhiteFideId "4105109"]
[BlackFideId "13700669"]
[EventDate "29.12.2022"]

1. d4 e6 2. c4 Nf6 3. Nf3 d5 4. g3 dxc4 5. Qa4+ c6 6. Qxc4 b5 7. Qc2 Bb7 8. Bg2
Nbd7 9. a4 a6 10. Nfd2 Qb6 11. Nb3 c5 12. Bxb7 Qxb7 13. O-O c4 14. N3d2 Nb6 15.
axb5 axb5 16. Rxa8+ Qxa8 17. b3 Qc6 18. bxc4 bxc4 19. Nc3 Be7 20. e4 O-O 21. Bb2
Rd8 22. Ra1 h6 23. Nf3 Bb4 24. Ne5 Qb7 25. f3 Rxd4 26. Rd1 Rxd1+ 27. Nxd1 Qc7
28. f4 Qc5+ 29. Kg2 c3 30. Bxc3 Bxc3 31. Qxc3 Nxe4 32. Qxc5 Nxc5 33. Nc3 f6 34.
Nf3 Kf7 35. Nd4 Nd5 36. Nce2 g5 37. Kf3 f5 38. h3 Kf6 39. Nc6 Nd3 40. Ncd4 e5
41. fxe5+ Nxe5+ 42. Kg2 Nc4 43. Nf3 Nce3+ 44. Kf2 Nc2 45. Nd2 Ke6 46. Nc4 Nf6
47. Kf3 Kd5 48. Nb6+ Kc5 49. Na4+ Kc4 50. Nb6+ Kd3 51. Nc1+ Kd2 52. Nb3+ Kc3 53.
Nc1 Nd4+ 54. Kg2 Kd2 55. Na2 Ne4 56. Nc4+ Ke2 57. Nb4 f4 58. gxf4 gxf4 59. Ne5
f3+ 60. Nxf3 Nxf3 61. Nd5 Nh4+ 62. Kh2 Kf3 63. Ne7 Nf6 64. Nc6 Kf4 65. Nd4 Nf3+ 0-1

[Event "Mondiale Lampo FIDE 2022"]
[Site "Alma Ata"]
[Date "29.12.2022"]
[Round "12.70"]
[White "Khripachenko, Alexander"]
[Black "Svane, Rasmus"]
[Result "0-1"]
[WhiteTitle ""]
[BlackTitle ""]
[WhiteElo "2219"]
[BlackElo "2622"]
[WhiteFideId "54184975"]
[BlackFideId "4657101"]
[EventDate "29.12.2022"]

1. e4 c6 2. d4 d5 3. f3 e6 4. Nc3 Nd7 5. Bd3 Bb4 6. Ne2 dxe4 7. fxe4 e5 8. a3
Bd6 9. O-O Ngf6 10. Kh1 Qc7 11. dxe5 Bxe5 12. Nf4 Nc5 13. Qf3 O-O 14. Be3 Ne6
15. Nfe2 Bd7 16. Bc4 b5 17. Ba2 a5 18. Rad1 b4 19. Na4 c5 20. Bxe6 Bxa4 21. Bb3
Bxb3 22. cxb3 Bxb2 23. axb4 cxb4 24. Ng3 g6 25. Bh6 Rfe8 26. Bg5 Ra6 27. Qe2 Qe5
28. Bf4 Qe6 29. Qxb2 h5 30. Bg5 Nh7 31. Bh6 f6 32. Bc1 h4 33. Ne2 h3 34. Nf4
Qxe4 35. Nxh3 Rc6 36. Nf2 Qe6 37. Qd2 Qxb3 38. Ng4 Qc2 39. Qd7 Rce6 40. Nh6+ Kh8
41. Nf7+ Kg8 42. Nh6+ Kh8 43. Qf7 R6e7 44. Qd5 b3 45. Nf7+ Kg8 46. Nd6+ Kh8 47.
Nxe8 Rxe8 48. Qd3 Qxd3 49. Rxd3 a4 50. Ba3 Re2 51. h3 Ra2 52. Bb4 b2 53. Rdd1
Kg7 54. Rb1 Ng5 55. Rfd1 Ne4 56. Kg1 f5 57. Rd3 Ra1 58. Rdd1 Ra2 59. Kf1 a3 60.
Ke2 Kf6 61. Kd3 Nf2+ 62. Kc2 Nxd1 63. Kxd1 Ra1 64. Kc2 a2 0-1

[Event "Mondiale Lampo FIDE 2022"]
[Site "Alma Ata"]
[Date "29.12.2022"]
[Round "12.71"]
[White "Utegaliyev, Azamat"]
[Black "Hambleton, Aman"]
[Result "1/2-1/2"]
[BlackTitle ""]
[WhiteElo "2445"]
[BlackElo "2437"]
[WhiteFideId "13702467"]
[BlackFideId "2606577"]
[EventDate "29.12.2022"]

1. b3 e5 2. Bb2 Nc6 3. e3 Nf6 4. Bb5 e4 5. Ne2 a6 6. Bxc6 dxc6 7. Ng3 h5 8. Nc3
Bg4 9. Qc1 Qe7 10. h3 Bd7 11. a4 h4 12. Nge2 O-O-O 13. b4 Qxb4 14. Ba3 Qc4 15.
Bxf8 Rhxf8 16. Qb2 a5 17. Nd4 b6 18. Rb1 Rfe8 19. Nb3 Bf5 20. Ne2 c5 21. Nc3 Nd5
22. Nxa5 Qb4 23. Nc6 Qxb2 24. Rxb2 Rd6 25. Na7+ Kd7 26. Nab5 Nxc3 27. Nxd6 Kxd6
28. dxc3 Ra8 29. Ra2 Be6 30. Ra1 Bc4 31. Kd2 g5 32. g3 Kc6 33. gxh4 gxh4 34.
Rhg1 Rd8+ 35. Ke1 Be6 36. a5 Kb7 37. a6+ Ka7 38. Rg7 Rd7 39. Rh7 Bxh3 40. Rxh4
Bg2 41. Rd1 Re7 42. Rd8 Kxa6 43. Rf4 Bf3 44. Kd2 Kb7 45. Kc1 f5 46. Rxf5 Rh7 47.
Kb2 Be2 48. Rf4 Bf3 49. Re8 Rh2 50. Rf7 Rxf2 51. Rxe4 Bxe4 52. Rxf2 Kc6 53. c4
Kd6 54. Kc3 Ke5 55. Rf7 Kd6 56. Rg7 Bf5 57. Rg5 Ke6 58. Rg7 Kd6 59. Kd2 Be6 60.
Kd3 Bf5+ 61. e4 Be6 62. Rg5 Bf7 63. c3 Ke6 64. e5 Be8 65. Ke4 Bf7 66. Rg7 c6 67.
Kf4 b5 68. Rg1 b4 69. Rb1 bxc3 70. Rc1 Bg6 71. Rxc3 Bh5 72. Rd3 Be2 73. Rd6+ Ke7
74. Rxc6 Bxc4 75. Rxc5 Bb3 76. Rc7+ Ke6 77. Rc6+ Kd7 78. Rc3 Ba2 79. Rd3+ Ke7
80. Ra3 Bb1 81. Ra7+ Ke6 82. Ra6+ Ke7 83. Ke3 Bc2 84. Kd4 Bb3 85. Rh6 Ba2 86.
Rf6 Bb3 87. Ke4 Bc2+ 88. Kd5 Bb3+ 89. Kd4 Ba2 90. Rb6 Bf7 91. Rb7+ Ke6 92. Rb6+
Ke7 93. Kc5 Ba2 94. Ra6 Bb3 95. Rh6 Ba2 96. Kd4 Bb3 97. Ke4 Bc2+ 98. Kf4 Bd3 99.
e6 Kd6 100. Kg5 Ke7 101. Rf6 Bc2 102. Rh6 Bd3 103. Kf4 Kd6 104. Rf6 Bc2 105. Rh6
Bd3 106. Kg5 Ke7 107. Rf6 Bc2 108. Rf2 Bb3 109. Kf5 Bxe6+ 110. Ke5 Bc4 111. Rc2
Bb5 112. Rc7+ Kf8 113. Ke6 Kg8 114. Kf6 Bd3 115. Rg7+ Kh8 116. Kf7 Bc4+ 117. Kf6
Bd3 118. Rg3 Bc4 119. Rh3+ Kg8 120. Rc3 Bd5 121. Rc8+ Kh7 122. Rc7+ Kg8 123. Rc5
Bb3 124. Kg6 Kf8 125. Kf6 Kg8 126. Rc8+ Kh7 127. Rc3 Bd5 128. Rd3 Bc4 129. Rg3
Bd5 130. Rg7+ Kh8 131. Rg5 Bc4 132. Kg6 Bd3+ 133. Kh6 Bc4 134. Rc5 Bf7 135. Rc7
Bd5 136. Kg6 Be4+ 137. Kf6 Kg8 138. Rc8+ Kh7 139. Rb8 Bd3 140. Rb3 Be4 141. Rh3+
Kg8 142. Rg3+ Kh7 143. Rg4 Bc2 144. Rh4+ Kg8 145. Rc4 Bd3 146. Rc8+ Kh7 147. Rc3
Be4 148. Re3 Bc2 149. Kf7 Kh6 150. Rg3 Be4 151. Rg7 Bd3 152. Kf6 Kh5 153. Rg5+
Kh4 154. Rd5 Bc2 155. Rd4+ Kg3 156. Ke5 Kf3 157. Rc4 Bg6 158. Rc3+ Ke2 159. Kd4
Kd2 160. Rg3 Bf5 161. Rg2+ Kc1 162. Kc3 Kb1 163. Rf2 Be4 164. Re2 Bg6 165. Re6
Bf5 166. Rb6+ Ka2 167. Rb5 Bg6 168. Ra5+ Kb1 169. Rg5 Bf7 170. Rf5 Be6 171. Rf1+
Ka2 172. Re1 Bf7 173. Re2+ Kb1 174. Rb2+ Ka1 175. Rf2 Be6 176. Kc2 Bd5 177. Rf4
Be6 178. Rf6 Bd5 179. Rf1+ Ka2 180. Rf4 Bb3+ 181. Kc3 Be6 182. Rf2+ Kb1 183. Re2
Bf7 184. Re1+ Ka2 1/2-1/2

[Event "Mondiale Lampo FIDE 2022"]
[Site "Alma Ata"]
[Date "29.12.2022"]
[Round "12.72"]
[White "Haldorsen, Benjamin"]
[Black "Puranik, Abhimanyu"]
[Result "0-1"]
[WhiteTitle ""]
[BlackTitle ""]
[WhiteElo "2449"]
[BlackElo "2616"]
[WhiteFideId "1512633"]
[BlackFideId "5061245"]
[EventDate "29.12.2022"]

1. Nf3 Nf6 2. g3 g6 3. b3 Bg7 4. Bb2 O-O 5. c4 d6 6. d4 a5 7. Nc3 c6 8. Bg2 Bf5
9. Nh4 Bd7 10. O-O Qc8 11. e4 Bh3 12. Qd2 Bxg2 13. Kxg2 Nbd7 14. Nf3 Qc7 15.
Rad1 Rfe8 16. d5 Nc5 17. Rfe1 Nfd7 18. h4 h5 19. Qc2 Ne5 20. Nxe5 Bxe5 21. Ne2
Bxb2 22. Qxb2 Nxe4 23. Nf4 Nf6 24. Re3 b5 25. Rde1 bxc4 26. bxc4 cxd5 27. cxd5
Rab8 28. Qe2 Rb7 29. Qd3 Kg7 30. R1e2 Qd7 31. Qd4 Rb4 32. Qc3 Rxf4 33. gxf4 Qg4+
34. Kf1 Qxh4 35. Kg1 Qg4+ 36. Kf1 h4 37. Qd4 h3 38. Rg3 Qh5 39. Ree3 h2 0-1

[Event "Mondiale Lampo FIDE 2022"]
[Site "Alma Ata"]
[Date "29.12.2022"]
[Round "12.73"]
[White "Narayanan, Srinath"]
[Black "Harutyunyan, Tigran K."]
[Result "1/2-1/2"]
[WhiteTitle ""]
[BlackTitle ""]
[WhiteElo "2559"]
[BlackElo "2511"]
[WhiteFideId "5018420"]
[BlackFideId "13303635"]
[EventDate "29.12.2022"]

1. d4 Nf6 2. Nf3 d5 3. Bf4 e6 4. e3 Bd6 5. Ne5 O-O 6. Nd2 c5 7. c3 b6 8. Be2 Bb7
9. O-O Nc6 10. Ndf3 Ne7 11. h3 Ng6 12. Bh2 Ne4 13. c4 Nxe5 14. Nxe5 cxd4 15.
Qxd4 Bc5 16. Qd1 dxc4 17. Nxc4 Qf6 18. Bf3 Rfd8 19. Qc2 Nd6 20. Bxb7 Nxb7 21.
Rad1 Bf8 22. a3 Rac8 23. Rxd8 Qxd8 24. Qe4 Nc5 25. Qg4 Qd3 26. Ne5 Qc2 27. Qd4
f6 28. Nd7 Nxd7 29. Qxd7 Qc6 30. Qxa7 e5 31. Qa6 Rd8 32. Bg3 Rd2 33. b4 h6 34.
h4 Ra2 35. Qd3 Rc2 36. Rd1 Rc3 37. Qa6 Kh7 38. h5 Rc2 39. Qd3+ e4 40. Qd8 Qc8
41. Qxb6 Qg4 42. Qd4 Ra2 43. b5 Rxa3 44. b6 Bc5 45. Qd5 Bxb6 46. Rb1 Ra5 47. Qf7
Bc5 48. Bf4 Ra7 49. Qd5 Bf8 50. Qxe4+ f5 51. Qe8 Be7 52. f3 Qh4 53. Qg6+ Kg8 54.
Rb8+ Bf8 55. Qe6+ Rf7 56. g3 Qxh5 57. Bd6 Qxf3 58. Rxf8+ Kh7 59. Rxf7 Qd1+ 60.
Kf2 Qd2+ 61. Kf3 Qd1+ 62. Kf2 Qc2+ 63. Ke1 Qc1+ 64. Ke2 Qc2+ 65. Kf3 Qd1+ 66.
Kg2 Qe2+ 67. Kg1 Qe1+ 68. Kh2 Qe2+ 69. Kh3 Qg4+ 1/2-1/2

[Event "Mondiale Lampo FIDE 2022"]
[Site "Alma Ata"]
[Date "29.12.2022"]
[Round "12.74"]
[White "Suyarov, Mukhammadzokhid"]
[Black "Damjanovic, Vuk"]
[Result "1-0"]
[WhiteTitle ""]
[BlackTitle ""]
[WhiteElo "2299"]
[BlackElo "2361"]
[WhiteFideId "14210495"]
[BlackFideId "980021"]
[EventDate "29.12.2022"]

1. d4 Nf6 2. Nc3 d5 3. Bf4 c5 4. e4 Nxe4 5. Nxe4 dxe4 6. dxc5 Qa5+ 7. c3 Qxc5 8.
Qa4+ Nc6 9. Qxe4 g6 10. Nf3 Bf5 11. Qe3 Qa5 12. Bc4 Bg7 13. O-O O-O 14. Rad1
Rad8 15. h3 Qa4 16. Bb3 Qb5 17. g4 Bd3 18. Rfe1 Bc4 19. Bxc4 Qxc4 20. a3 Qb3 21.
Rxd8 Rxd8 22. Qe2 Qd5 23. Qe3 Qb5 24. Qe2 Qd5 25. Be3 e5 26. Nd2 h6 27. Qc4 f5
28. Qxd5+ Rxd5 29. Nb1 e4 30. gxf5 gxf5 31. Kf1 a6 32. Ke2 Ne5 33. Nd2 Rb5 34.
b4 Rd5 35. Nb3 Nf3 36. Rc1 Rd3 37. Nc5 Rxc3 38. Rxc3 Bxc3 39. Nxb7 Bb2 40. a4
Ba3 41. b5 axb5 42. a5 Ne5 43. a6 Nc6 44. Nd8 Nxd8 45. a7 1-0

[Event "Mondiale Lampo FIDE 2022"]
[Site "Alma Ata"]
[Date "29.12.2022"]
[Round "12.75"]
[White "Sankalp, Gupta"]
[Black "Gurel, Ediz"]
[Result "1-0"]
[WhiteTitle ""]
[BlackTitle ""]
[WhiteElo "2485"]
[BlackElo "2454"]
[WhiteFideId "5097010"]
[BlackFideId "44507356"]
[EventDate "29.12.2022"]

1. d4 Nf6 2. Nf3 e6 3. Bf4 b6 4. e3 Bb7 5. h3 Be7 6. Bd3 O-O 7. O-O c5 8. c3
cxd4 9. exd4 d6 10. Bh2 Re8 11. Nbd2 Bf8 12. a4 a6 13. b4 Nbd7 14. c4 e5 15. Bb1
Rc8 16. a5 e4 17. Ne1 e3 18. fxe3 Rxe3 19. Nef3 bxa5 20. bxa5 h6 21. Bf4 Re8 22.
Qb3 Ba8 23. Bh2 Qc7 24. Qd3 Ne4 25. c5 Ndf6 26. Qxa6 Rcd8 27. Qb6 Qc8 28. Nxe4
Bxe4 29. cxd6 Qc3 30. Bxe4 Qe3+ 31. Kh1 Nxe4 32. d5 Qd3 33. d7 Rxd7 34. Ne5 Rxe5
35. Bxe5 Qxd5 36. Bh2 Bc5 37. Qb8+ Kh7 38. Qf4 Bd4 39. Rad1 Nc3 40. Rd3 g6 41.
a6 Nb5 42. Rfd1 Qa2 43. Bg1 Qxa6 44. Bxd4 Qa4 45. Be5 1-0

[Event "Mondiale Lampo FIDE 2022"]
[Site "Alma Ata"]
[Date "29.12.2022"]
[Round "12.76"]
[White "Vetokhin, Savva"]
[Black "Zhalmakhanov, Ramazan"]
[Result "0-1"]
[WhiteTitle ""]
[BlackTitle ""]
[WhiteElo "2354"]
[BlackElo "2401"]
[WhiteFideId "44144474"]
[BlackFideId "13706357"]
[EventDate "29.12.2022"]

1. Nf3 d5 2. g3 Nf6 3. Bg2 c6 4. O-O Bf5 5. c4 e6 6. Qb3 Qb6 7. d3 Nbd7 8. Be3
Qa6 9. cxd5 exd5 10. Nc3 Be7 11. Rac1 O-O 12. Bd4 Rfe8 13. Rfe1 h6 14. e4 Be6
15. e5 Nh7 16. Na4 Nhf8 17. Nc5 Nxc5 18. Bxc5 Bxc5 19. Rxc5 Nd7 20. Rcc1 c5 21.
d4 c4 22. Qc3 b5 23. a3 Qb6 24. Nh4 g5 25. Nf3 a5 26. h4 g4 27. Nh2 Kg7 28. Qe3
f5 29. exf6+ Nxf6 30. Qf4 Bd7 31. Re5 Rxe5 32. dxe5 Nh5 33. Qd2 Rf8 34. Bxd5
Nxg3 35. e6 Bxe6 36. Bxe6 Ne4 37. Qd7+ Kh8 38. Nxg4 Nxf2 39. Kg2 Nxg4 40. Bxg4
Qf2+ 41. Kh1 Qxb2 42. Rd1 Qf2 43. Qd4+ Qxd4 44. Rxd4 Rf2 45. Rd5 c3 46. Bf5 b4
47. axb4 axb4 48. Kg1 Rxf5 49. Rxf5 c2 50. Rc5 b3 51. Kg2 Kg7 52. Kg3 b2 53.
Rxc2 b1=Q 54. Rf2 Qe1 55. Kf3 Qh1+ 56. Kg3 Kg6 57. Rf4 Qg1+ 58. Kh3 Qe3+ 0-1

[Event "Mondiale Lampo FIDE 2022"]
[Site "Alma Ata"]
[Date "29.12.2022"]
[Round "12.77"]
[White "Arjun, Kalyan"]
[Black "Gadimbayli, Abdulla"]
[Result "1/2-1/2"]
[WhiteTitle ""]
[BlackTitle ""]
[WhiteElo "2505"]
[BlackElo "2524"]
[WhiteFideId "35018701"]
[BlackFideId "13404938"]
[EventDate "29.12.2022"]

1. e4 e5 2. Nf3 d5 3. exd5 e4 4. Qe2 Nf6 5. Nc3 Be7 6. Nxe4 O-O 7. d3 Nxd5 8.
Qd1 c5 9. Be2 Nc6 10. O-O Bf5 11. c3 Qd7 12. Ng3 Bg6 13. d4 Rad8 14. Bb5 Qc7 15.
Bxc6 bxc6 16. Qa4 Nb6 17. Qa5 Rd5 18. Qa6 cxd4 19. cxd4 c5 20. Be3 c4 21. a4 Bb4
22. a5 Nc8 23. Ne5 Nd6 24. Rfc1 Rc8 25. Bf4 Qd8 26. Nxg6 hxg6 27. Bxd6 Rxd6 28.
Qb5 Rb8 29. Qa4 Rxd4 30. h3 Bd2 31. Rcb1 c3 32. Qc2 cxb2 33. Rxb2 Rxb2 34. Qxb2
Bxa5 35. Kh2 Bb6 36. Ra2 Rd1 37. Qb3 Rc1 38. Re2 Qd1 39. Qxd1 Rxd1 40. Ne4 a5
41. Nc3 Rd3 42. Rc2 Bd4 43. Nb5 Be5+ 44. g3 Rd5 45. Rc8+ Kh7 46. Nc3 Rd4 47. Rc5
f6 48. Rxa5 Rc4 49. Nd1 Bd4 50. Rd5 g5 51. Kg2 Kg6 52. Kf3 Be5 53. Ne3 Rc3 54.
Ke2 1/2-1/2

[Event "Mondiale Lampo FIDE 2022"]
[Site "Alma Ata"]
[Date "29.12.2022"]
[Round "12.78"]
[White "Abdilkhair, Abilmansur"]
[Black "Fedorov, Alexei"]
[Result "0-1"]
[WhiteTitle ""]
[BlackTitle ""]
[WhiteElo "2278"]
[BlackElo "2475"]
[WhiteFideId "13716417"]
[BlackFideId "13500465"]
[EventDate "29.12.2022"]

1. e4 c5 2. Nf3 e6 3. d4 cxd4 4. Nxd4 Nf6 5. Nc3 Bb4 6. Bd3 Nc6 7. Nxc6 dxc6 8.
O-O e5 9. Bg5 h6 10. Bh4 O-O 11. Ne2 Be6 12. f4 Be7 13. f5 Bd7 14. Qe1 b5 15.
Rd1 Qb6+ 16. Kh1 c5 17. c4 b4 18. Bc2 Rad8 19. Ng1 Bc6 20. Qe3 Rxd1 21. Rxd1 Rd8
22. Bxf6 Bxf6 23. Nf3 Rxd1+ 24. Bxd1 a5 25. b3 Bb7 26. g4 Qd6 27. Bc2 Be7 28.
Kg2 Bc6 29. h4 Kf8 30. Qd3 Ke8 31. Qxd6 Bxd6 32. Nd2 Be7 33. Kg3 Kd7 34. Nf3 Kd6
35. g5 hxg5 36. hxg5 Bb7 37. Kg4 Bc8 38. Kh5 Bd7 39. Nd2 Be8 40. Kg4 Bd8 41. Nf1
Bd7 42. Kh5 Be8 43. Kg4 g6 44. f6 Bd7+ 45. Kg3 Be6 46. Ne3 Bb6 47. Bd1 Bd7 48.
Nd5 Bd8 49. Bf3 a4 50. Ne3 a3 51. Bg4 Bc6 52. Bf3 0-1

[Event "Mondiale Lampo FIDE 2022"]
[Site "Alma Ata"]
[Date "29.12.2022"]
[Round "12.79"]
[White "Kazakov, Konstantin"]
[Black "Sapenov, Daniyal"]
[Result "0-1"]
[WhiteTitle ""]
[BlackTitle ""]
[WhiteElo "2385"]
[BlackElo "2323"]
[WhiteFideId "13700898"]
[BlackFideId "13728911"]
[EventDate "29.12.2022"]

1. d4 Nf6 2. Nf3 e6 3. Bg5 h6 4. Bh4 c5 5. e3 Be7 6. c3 b6 7. Nbd2 O-O 8. Bd3
Ba6 9. Bxa6 Nxa6 10. O-O Qc8 11. Rc1 Qb7 12. Ne5 d6 13. Nec4 Rfd8 14. a4 Rac8
15. Qb3 Nb8 16. Rfe1 Nc6 17. dxc5 dxc5 18. e4 Ne8 19. Bxe7 Qxe7 20. Nf3 Nd6 21.
Nxd6 Rxd6 22. Qb5 Qd7 23. h3 Rd8 24. Rc2 Ne7 25. Qxd7 R8xd7 26. Kf1 Ng6 27. g3
Kf8 28. Ke2 Ke7 29. h4 h5 30. Rd2 Rxd2+ 31. Nxd2 Ne5 32. Rb1 g6 33. f4 Ng4 34.
Nc4 f6 35. Ra1 Kf7 36. Ra3 e5 37. Rb3 exf4 38. gxf4 g5 39. hxg5 fxg5 40. fxg5 h4
41. Kf3 h3 42. Kxg4 h2 43. Ne5+ Ke6 44. Nxd7 h1=Q 45. Nxb6 Qd1+ 46. Kf4 Qxb3 47.
Nd5 Qxb2 48. g6 Qg2 49. Nc7+ Kd7 50. Nd5 Qxg6 51. a5 Kd6 52. c4 Qh6+ 53. Kf5 Qh8
54. Nf6 Qh3+ 55. Kf4 Ke6 56. Nd5 Qh4+ 57. Ke3 Ke5 58. Nc3 Qh3+ 59. Kd2 Kd4 60.
Ne2+ Kxc4 61. e5 Qd3+ 62. Ke1 Qe3 0-1

[Event "Mondiale Lampo FIDE 2022"]
[Site "Alma Ata"]
[Date "29.12.2022"]
[Round "12.80"]
[White "Mamedov, Edgar"]
[Black "Korelskiy, Egor"]
[Result "1-0"]
[WhiteTitle ""]
[BlackTitle ""]
[WhiteElo "2283"]
[BlackElo "2153"]
[WhiteFideId "13739980"]
[BlackFideId "34329064"]
[EventDate "29.12.2022"]

1. d4 d5 2. c4 e6 3. Nf3 c6 4. e3 f5 5. Nc3 Nf6 6. Bd3 Bd6 7. O-O O-O 8. Ne5 Ne4
9. Ne2 Nd7 10. f3 Nef6 11. f4 Ne4 12. Bxe4 fxe4 13. Ng3 Bxe5 14. fxe5 Rxf1+ 15.
Qxf1 b6 16. cxd5 cxd5 17. Bd2 a5 18. Qf4 Ba6 19. Qg4 Qe7 20. Rc1 Rc8 21. Rxc8+
Bxc8 22. Nh5 Ba6 23. Be1 Qf7 24. h3 Kh8 25. Kh2 Nf8 26. Bh4 Ng6 27. Bd8 a4 28.
Bxb6 Bc4 29. a3 Ba6 30. Bc5 Bc8 31. Qg5 Qe8 32. Ng3 h6 33. Qh5 Kh7 34. Qe2 Qc6
35. Nh5 Ba6 36. Qg4 Qe8 37. Nf4 Nxf4 38. Qxf4 Qh5 39. Qg3 Qe2 40. Bf8 g5 41. h4
Qh5 42. Be7 Qf7 43. Bf6 Qh5 44. Qh3 g4 45. Qg3 Qf5 46. Qe1 Bf1 47. Qg3 h5 48.
Kg1 Bd3 49. Qf2 Qg6 50. Qe1 Qf5 51. Bg5 Qf7 52. Bf6 Qb7 53. Qf2 Qb3 54. Kh2 Qd1
55. Qf4 Qb3 56. Qg5 Qb7 57. Qxh5+ Kg8 58. Qh8+ Kf7 59. Qg7+ 1-0

[Event "Mondiale Lampo FIDE 2022"]
[Site "Alma Ata"]
[Date "29.12.2022"]
[Round "12.81"]
[White "Postlmayer, Jakob"]
[Black "Munkhdalai, Amilal"]
[Result "0-1"]
[WhiteTitle ""]
[BlackTitle ""]
[WhiteElo "2314"]
[BlackElo "2142"]
[WhiteFideId "1643622"]
[BlackFideId "4903250"]
[EventDate "29.12.2022"]

1. d4 Nf6 2. c4 e6 3. Nf3 b6 4. g3 Bb7 5. Bg2 Bb4+ 6. Bd2 Qe7 7. Nc3 O-O 8. O-O
Bxc3 9. Bxc3 Ne4 10. Be1 Nf6 11. Qc2 d6 12. Bc3 Be4 13. Qb3 Nbd7 14. Rfe1 Rfc8
15. Bf1 Bb7 16. Nd2 c5 17. Rac1 Rc7 18. dxc5 Nxc5 19. Qa3 Nce4 20. Nxe4 Nxe4 21.
Bd4 Nd2 22. Qd3 Nxf1 23. Rxf1 Rac8 24. Be3 Ba6 25. b3 d5 26. Rfd1 dxc4 27. bxc4
Bxc4 28. Qd2 Bd5 29. f3 h6 30. Qb2 Rxc1 31. Rxc1 Rxc1+ 32. Bxc1 Qc5+ 33. Kg2
Bxa2 34. Qxa2 Qxc1 35. Qxa7 Qb2 36. Qa8+ Kh7 37. Qe4+ g6 38. h4 h5 39. Kf2 b5
40. g4 Qc3 41. gxh5 Qc5+ 42. Kg3 Qxh5 43. Qb7 Kg7 44. e4 Qe5+ 45. Kg2 Qb2+ 46.
Kg3 b4 47. f4 b3 48. Qb5 Qc3+ 49. Kg4 b2 50. h5 Qc2 51. Qe5+ Kh7 52. hxg6+ fxg6
53. Qxe6 Qg2+ 54. Kh4 Qh2+ 55. Kg4 Qg2+ 56. Kh4 Qf2+ 57. Kg4 Qe2+ 58. Kg5 Qg2+
59. Kf6 b1=Q 60. Qf7+ Kh6 61. Qg7+ Kh5 62. Qh7+ Kg4 63. Qxg6+ Kf3 64. Qh5+ Qg4
65. Qd5 Qxf4+ 66. Ke6 Qbxe4+ 0-1